<?xml version="1.0" encoding="UTF-8"?>
<record
    xmlns:xsi="http://www.w3.org/2001/XMLSchema-instance"
    xsi:schemaLocation="http://www.loc.gov/MARC21/slim http://www.loc.gov/standards/marcxml/schema/MARC21slim.xsd"
    xmlns="http://www.loc.gov/MARC21/slim">

  <leader>00724nam a22002177a 4500</leader>
  <controlfield tag="005">20240521155410.0</controlfield>
  <datafield tag="010" ind1=" " ind2=" ">
    <subfield code="a">ENG-140435</subfield>
  </datafield>
  <datafield tag="020" ind1=" " ind2=" ">
    <subfield code="a">9789392038587</subfield>
    <subfield code="c">1895.00</subfield>
  </datafield>
  <datafield tag="035" ind1=" " ind2=" ">
    <subfield code="a">EN-123967</subfield>
  </datafield>
  <datafield tag="037" ind1=" " ind2=" ">
    <subfield code="b">DBAD</subfield>
  </datafield>
  <datafield tag="082" ind1=" " ind2=" ">
    <subfield code="a">577.09541</subfield>
  </datafield>
  <datafield tag="100" ind1=" " ind2=" ">
    <subfield code="a">Maujmdar, Hemen Chandra</subfield>
    <subfield code="9">66669</subfield>
  </datafield>
  <datafield tag="245" ind1=" " ind2=" ">
    <subfield code="a">Biological Spectrum Of Northeast India:</subfield>
    <subfield code="b">Annual Bioscience Communication/</subfield>
    <subfield code="c">by Hemen Chandra Maujmdar</subfield>
  </datafield>
  <datafield tag="260" ind1=" " ind2=" ">
    <subfield code="a">Guwahati, Assam</subfield>
    <subfield code="b">EBH Publishers</subfield>
    <subfield code="c">2023</subfield>
  </datafield>
  <datafield tag="270" ind1=" " ind2=" ">
    <subfield code="a">136, M.L. Nehru Road, Panbazar </subfield>
    <subfield code="b">Guwahati, Assam</subfield>
    <subfield code="e">781001</subfield>
  </datafield>
  <datafield tag="300" ind1=" " ind2=" ">
    <subfield code="a">322p.</subfield>
    <subfield code="c">24cm(hb)</subfield>
  </datafield>
  <datafield tag="490" ind1=" " ind2=" ">
    <subfield code="v">Vol.-111,2023</subfield>
  </datafield>
  <datafield tag="500" ind1=" " ind2=" ">
    <subfield code="a">Vol.-111,2023</subfield>
  </datafield>
  <datafield tag="700" ind1=" " ind2=" ">
    <subfield code="a">Maujmdar, Hemen Chandra</subfield>
    <subfield code="e">Author</subfield>
    <subfield code="9">66618</subfield>
  </datafield>
  <datafield tag="942" ind1=" " ind2=" ">
    <subfield code="2">ddc</subfield>
    <subfield code="c">EN</subfield>
    <subfield code="h">577.09541</subfield>
    <subfield code="m">MAJ</subfield>
  </datafield>
  <datafield tag="999" ind1=" " ind2=" ">
    <subfield code="c">203102</subfield>
    <subfield code="d">203102</subfield>
  </datafield>
  <datafield tag="952" ind1=" " ind2=" ">
    <subfield code="0">0</subfield>
    <subfield code="1">0</subfield>
    <subfield code="4">0</subfield>
    <subfield code="7">0</subfield>
    <subfield code="8">NFIC</subfield>
    <subfield code="a">BL4</subfield>
    <subfield code="b">BL4</subfield>
    <subfield code="d">2024-05-21</subfield>
    <subfield code="e">DBAD</subfield>
    <subfield code="g">1895.00</subfield>
    <subfield code="l">0</subfield>
    <subfield code="o">577.09541 MAJ</subfield>
    <subfield code="p">EN-123967</subfield>
    <subfield code="r">2024-05-21 00:00:00</subfield>
    <subfield code="t">1</subfield>
    <subfield code="v">1895.00</subfield>
    <subfield code="w">2024-05-21</subfield>
    <subfield code="y">EN</subfield>
  </datafield>
</record>
